Rozpoznaj postać historyczną po zdjęciu - Statystyki

Ogólne statystyki
  • Ten quiz został rozwiązany 50 razy
  • Średni wynik to 5 z 16
Statystyki odpowiedzi
Obrazkowy Odpowiedź % Poprawnych
Józef Stalin
98%
Józef Piłsudski
88%
Mao Zedong
60%
Benito Mussolini
55%
Otto von Bismarck
52%
Zawisza Czarny
40%
Erwin Rommel
38%
Ignacy Mościcki
26%
Douglas MacArthur
24%
Robert Oppenheimer
19%
Bernard Montgomery
17%
Edward Śmigły Rydz
10%
Otto Skorzeny
10%
Karl Donitz
7%
Mikols Horthy
0%
Nikołaj Watutin
0%
Nie znaleziono quizów pasujących do podanych kryteriów
Rozkład punktacji
Procent ludzi z każdym wynikiem
Percentyl według liczby udzielonych odpowiedzi
Twoja historia wyników
Nie rozwiązałeś tego quizu